Green Lantern Quiz (SPOILERS) - Statistics

General Stats
  • This quiz has been taken 15 times
  • The average score is 4 of 13
Answer Stats
Actor Role % Correct
Ryan Reynolds Hal Jordan/Green Lantern
100%
Mark Strong Sinestro
67%
Clancy Brown Parallax
42%
Temuera Morrison Abin Sur
33%
Peter Sarsgaard Hector Hammond
33%
Michael Clarke Duncan Kilowog
33%
Angela Bassett Amanda Waller
25%
Tim Robbins Senator Hammond
25%
Tails Waititi Thomas Kalmaku
25%
Blake Lively Carol Ferris
17%
Geoffrey Rush Tomar-Re
17%
Jay O. Sanders Carl Ferris
8%
Warren Burton The First Guardian
8%
No matching quizzes found
Score Distribution
Percent of People with Each Score
Percentile by Number Answered
Your Score History
You have not taken this quiz